Paraíso perdido / (Record no. 159697)

MARC details
000 -LEADER
campo de control de longitud fija 00769nam a22002055i 4500
001 - NÚMERO DE CONTROL
campo de control 159697
003 - IDENTIFICADOR DE NÚMERO DE CONTROL
campo de control ES-MaACL
005 - FECHA Y HORA DE LA ÚLTIMA TRANSACCIÓN
campo de control 20230906211735.0
008 - DATOS DE LONGITUD FIJA--INFORMACIÓN GENERAL
campo de control de longitud fija 950223s1882 sp |||| | spa d
100 1# - ENTRADA PRINCIPAL--NOMBRE DE PERSONA
Nombre de persona Milton, John (
Fechas asociadas al nombre 1608-1674)
9 (RLIN) 81300
240 10 - TÍTULO UNIFORME
Título uniforme Paradise lost.
Lenguaje de la obra Español
245 10 - MENCIÓN DEL TÍTULO
Título Paraíso perdido /
Mención de responsabilidad, etc. poema épico de Juan Milton ; traducido en verso castellano por J. de Escoiquiz.
260 ## - PUBLICACIÓN, DISTRIBUCIÓN, ETC.
Lugar de publicación, distribución, etc. Madrid :
Nombre del editor, distribuidor, etc. Luis Navarro,
Fecha de publicación, distribución, etc. 1882 (
Fabricante Imp. Central a cargo de V. Saiz)
300 ## - DESCRIPCIÓN FÍSICA
Extensión 2 v. (CXVI, 289 ; 372 p.) ;
Dimensiones 18 cm.
490 1# - MENCIÓN DE SERIE
Mención de serie Biblioteca clásica ;
Designación de volumen o secuencia 50, 51
700 1# - ENTRADA AGREGADA--NOMBRE PERSONAL
Nombre de persona Escoiquiz, Juan de (
Fechas asociadas al nombre 1762-1820)
9 (RLIN) 47589
830 1# - PUNTO DE ACCESO ADICIONAL DE SERIE-TÍTULO UNIFORME
Título uniforme Biblioteca clásica ;
Designación de volumen o secuencia 50, 51
9 (RLIN) 180370
852 ## - LOCALIZACIÓN
Ubicación ES-MaACL
Número de control de estantería F-13210-11
Nota libre - Enc. tela
Holdings
Estatus retirado Estado de pérdida Estado de daño No para préstamo Colección Biblioteca de origen Biblioteca actual Ubicación en estantería Fecha de adquisición Total de préstamos Signatura topográfica completa Código de barras Visto por última vez Precio de reemplazo Tipo de ítem Koha
        Libros del s. XIX Biblioteca del Ateneo de Madrid Biblioteca del Ateneo de Madrid Sala Pecera Planta 2 17/01/2008   F-13210-11 1167185 23/02/2023 23/02/2023 Libro impreso antiguo